Catàleg del Col·legi de Periodistes de Catalunya

CIC (Registre núm. 6552)

000 -CABECERA
Longitud fija campo de control 00948nas a22002657a 4500
003 - IDENTIFICADOR DEL NÚMERO DE CONTROL
Identificador del número de control OSt
005 - FECHA Y HORA DE LA ÚLTIMA TRANSACCIÓN
Fecha y hora de la última transacción 20151110104012.0
008 - CÓDIGOS DE INFORMACIÓN DE LONGITUD FIJA
Códigos de información de longitud fija 130703c1995 sp ar||| |||| 00| 0 spa d
022 ## - NÚMERO INTERNACIONAL NORMALIZADO PARA PUBLICACIONES SERIADAS
Número Internacional Normalizado para Publicaciones Seriadas 1135-7991
040 ## - FUENTE DE LA CATALOGACIÓN
Centro transcriptor CDMR
Lengua de catalogación cat
245 00 - MENCIÓN DE TÍTULO
Título CIC
Resto del título : Cuadernos de Información y Comunicación
260 ## - PUBLICACIÓN, DISTRIBUCIÓN, ETC. (PIE DE IMPRENTA)
Lugar de publicación, distribución, etc. Madrid
Nombre del editor, distribuidor, etc. Universidad Complutense. Facultad de Ciencias de la Información
Fecha de publicación, distribución, etc. 1995-
300 ## - DESCRIPCIÓN FÍSICA
Extensión v.
310 ## - PERIODICIDAD ACTUAL
Periodicidad actual Anual
362 ## - FECHAS DE PUBLICACIÓN Y/O DESIGNACIÓN SECUENCIAL
Fecha de publicación y/o designación secuencial Núm. 1 (1995) -
650 04 - PUNTO DE ACCESO ADICIONAL DE MATERIA - TÉRMINO DE MATERIA
9 (RLIN) 3919
Término de materia o nombre geográfico como elemento inicial Periodisme
Subdivisión de forma Revistes
650 04 - PUNTO DE ACCESO ADICIONAL DE MATERIA - TÉRMINO DE MATERIA
9 (RLIN) 1722
Término de materia o nombre geográfico como elemento inicial Ràdio
Subdivisión de forma Revistes
650 04 - PUNTO DE ACCESO ADICIONAL DE MATERIA - TÉRMINO DE MATERIA
9 (RLIN) 875
Término de materia o nombre geográfico como elemento inicial Publicitat
Subdivisión de forma Revistes
650 04 - PUNTO DE ACCESO ADICIONAL DE MATERIA - TÉRMINO DE MATERIA
9 (RLIN) 2775
Término de materia o nombre geográfico como elemento inicial Relacions públiques
Subdivisión de forma Revistes
650 04 - PUNTO DE ACCESO ADICIONAL DE MATERIA - TÉRMINO DE MATERIA
9 (RLIN) 597
Término de materia o nombre geográfico como elemento inicial Televisió
Subdivisión de forma Revistes
710 2# - PUNTO DE ACCESO ADICIONAL - NOMBRE DE ENTIDAD
9 (RLIN) 3910
Nombre de entidad o nombre de jurisdicción como elemento inicial Universidad Complutense de Madrid
Unidad subordinada -- Facultad de Ciencias de la Información
856 40 - LOCALIZACIÓN Y ACCESO ELECTRÓNICO
Identificador Uniforme del Recurso (URI) <a href="http://revistas.ucm.es/index.php/CIYC/">http://revistas.ucm.es/index.php/CIYC/</a>
Texto del enlace Disponible en línia (UCM)
856 40 - LOCALIZACI&Oacute;N Y ACCESO ELECTR&Oacute;NICO
Identificador Uniforme del Recurso (URI) <a href="http://dialnet.unirioja.es/servlet/revista?codigo=1523">http://dialnet.unirioja.es/servlet/revista?codigo=1523</a>
Texto del enlace (Dialnet)
942 ## - ENTRADA DE ELEMENTOS AGREGADOS (KOHA)
Fuente de clasificaión o esquema
Koha [por defecto] tipo de item Publicacions periòdiques
Fons
Suprimido Perdido Estropeado No para pr&eacute;stamo Localizaci&oacute;n permanente Localizaci&oacute;n actual Fecha adquisici&oacute;n Serie de enumeración &#47; cronología Fecha &uacute;ltima consulta Fecha del precio de reemplazo Tipo de item de Koha
        Centre de Documentació Montserrat Roig Centre de Documentació Montserrat Roig 2013-01-16 Núm. 1 (1995) - núm. 14 (2009) 2013-07-03 2013-07-03 Publicacions periòdiques

Implantat amb Koha